Consolidação do regimento interno e lei orgânica do Tribunal de Contas / (Record no. 1130)

MARC details
000 -LÍDER
Campo Fixo de Controle 00786nam a2200217 a 4500
001 - NÚMERO DE CONTROLE
Campo de Controle 1130
003 - IDENTIFICAÇÃO DO NÚMERO DE CONTROLE
Campo de Controle BR-CuiBMT
005 - DATA E HORA DA ÚLTIMA ATUALIZAÇÃO
Campo de Controle 20231215183059.0
008 - DADOS FIXOS
Dados Fixos 231129s1998 mtb 000 0 por d
040 ## - AGÊNCIA CATALOGADORA
Código da Agência Catalogadora BR-CuiBMT
Agência que transcreveu o registro BR-CuiBMT
080 ## - Nº DA CLASSIFICAÇÃO DECIMAL UNIVERSAL
Nº edição CDU 2007
Nº Class. CDU 351.94:336.148
090 ## - NÚMERO DE CHAMADA
Complemento TCE/MT
Nº classificação 351.94:336.148
Cutter M433c
110 1# - ENTRADA PRINCIPAL -- ENTIDADE
Nome da entidade ou lugar Mato Grosso.
Unidade subordinada Tribunal de Contas.
245 10 - TÍTULO PRINCIPAL
Título principal Consolidação do regimento interno e lei orgânica do Tribunal de Contas /
Indicação de responsabilidade Tribunal de Contas do Estado de Mato Grosso.
260 ## - PUBLICAÇÃO, DISTRIBUIÇÃO, ETC.
Local de publicação Cuiabá :
Editora TCE-MT,
Data 1998.
300 ## - DESCRIÇÃO FÍSICA
N. páginas ou volumes 135 p. ;
Dimensões 22 cm
610 14 - ASSUNTO -- ENTIDADE
Nome da Entidade ou lugar Mato Grosso.
Unidade subordinada Tribunal de Contas.
Título da publicação Lei orgânica
610 14 - ASSUNTO -- ENTIDADE
Nome da Entidade ou lugar Mato Grosso.
Unidade subordinada Tribunal de Contas.
Título da publicação Regimento interno
650 ## - ASSUNTO TÓPICO
Cabeçalho tópico ou nome geográfico Administração pública
Subdivisão geral Controle externo
Subdivisão geográfica Mato Grosso
942 ## - ELEMENTOS DE ENTRADA ADICIONAIS (KOHA)
Fonte de classificação ou esquema de arquivamento Classificação Decimal Universal
Tipo de item do Koha Livros
Holdings
Estado: removido Estado: perdido Fonte de classificação ou esquema de arquivamento Estado: danificado Indisponível para empréstimo Localização permanente Localização atual Data de aquisição Total Checkouts Número de Chamada completo Código de barras Date last seen Número do exemplar Preço efetivo a partir de Tipo de item (Koha)
    Classificação Decimal Universal     Biblioteca da Escola Superior de Contas do TCE/MT Biblioteca da Escola Superior de Contas do TCE/MT 29/11/2023   TCE/MT 351.94:336.148 M433c BIBTCEMT23111318 29/11/2023 Ex. 1 29/11/2023 Livros
    Classificação Decimal Universal     Biblioteca da Escola Superior de Contas do TCE/MT Biblioteca da Escola Superior de Contas do TCE/MT 15/12/2023   TCE/MT 351.94:336.148 M433c BIBTCEMT23120545 15/12/2023 Ex. 2 15/12/2023 Livros
    Classificação Decimal Universal     Biblioteca da Escola Superior de Contas do TCE/MT Biblioteca da Escola Superior de Contas do TCE/MT 15/12/2023   TCE/MT 351.94:336.148 M433c BIBTCEMT23120546 15/12/2023 Ex. 3 15/12/2023 Livros
    Classificação Decimal Universal     Biblioteca da Escola Superior de Contas do TCE/MT Biblioteca da Escola Superior de Contas do TCE/MT 15/12/2023   TCE/MT 351.94:336.148 M433c BIBTCEMT23120547 15/12/2023 Ex. 4 15/12/2023 Livros
    Classificação Decimal Universal     Biblioteca da Escola Superior de Contas do TCE/MT Biblioteca da Escola Superior de Contas do TCE/MT 15/12/2023   TCE/MT 351.94:336.148 M433c BIBTCEMT23120548 15/12/2023 Ex. 5 15/12/2023 Livros

Powered by Koha